Central Library OPAC University of Rajshahi

Hindu social organization : (Record no. 35394)

MARC details
000 -LEADER
fixed length control field 00731nam a22002297a 4500
001 - CONTROL NUMBER
control field 35394
003 - CONTROL NUMBER IDENTIFIER
rucl marc code BD-RjUL
005 - DATE AND TIME OF LATEST TRANSACTION
control field 20211209052319.0
008 - FIXED-LENGTH DATA ELEMENTS--GENERAL INFORMATION
fixed length control field 140524s1954 ii |||| |||| 001 0 eng d
035 ## - SYSTEM CONTROL NUMBER
System control number (BD-RjUL)35488
040 ## - CATALOGING SOURCE
Original cataloging agency BD-RjUL
Language of cataloging eng
Transcribing agency BD-RjUL
041 ## - LANGUAGE CODE
Language code of text/sound track or separate title eng
082 ## - DEWEY DECIMAL CLASSIFICATION NUMBER
Edition number 20
Classification number 307.141720954
Author mark and year NAH 1954
100 1# - MAIN ENTRY--PERSONAL NAME
Personal name nātha Prabhū Paṇḍharī
9 (RLIN) 107794
245 ## - TITLE STATEMENT
Title Hindu social organization :
Remainder of title a study in socio-psychological and ideological foundations /
Statement of responsibility, etc. Paṇḍharīnātha Prabhū
250 ## - EDITION STATEMENT
Edition statement New Rev. ed
260 ## - PUBLICATION, DISTRIBUTION, ETC. (IMPRINT)
Place of publication, distribution, etc. Bombay :
Name of publisher, distributor, etc. Po[pulation Book Depo,
Date of publication, distribution, etc. 1954.
300 ## - PHYSICAL DESCRIPTION
Pagination xvii,393 p. ;
Size 21 cm.
504 ## - BIBLIOGRAPHY, ETC. NOTE
Bibliography, etc Includes Index
650 ## - SUBJECT ADDED ENTRY--TOPICAL TERM
Topical term or geographic name as entry element India -- Social conditions.
9 (RLIN) 107795
942 ## - ADDED ENTRY ELEMENTS (KOHA)
Source of classification or shelving scheme Dewey Decimal Classification
Koha item type Books
Holdings
Lost status Source of classification or shelving scheme Damaged status Not for loan Collection code Permanent Location Current Location Shelving location Date acquired Source of acquisition Cost, normal purchase price Total Checkouts Full call number Date last seen Copy number Koha item type
  Dewey Decimal Classification   Not For Loan Non-fiction Central Library, University of Rajshahi Central Library, University of Rajshahi Reading Room 15/03/1958 L. H. C 0.00   307.141720954 NAH 1954 24/05/2014 C-1 Books